[Event "World Women-ch k.o."]
[Site "Teheran"]
[Date "2017.02.13"]
[Round "2.1"]
[White "Zimina, Olga"]
[Black "Dzagnidze, Nana"]
[Result "0-1"]
[WhiteElo "2401"]
[BlackElo "2525"]
[Annotator "Moradiabadi,E"]
[PlyCount "112"]
[EventDate "2017.02.11"]
[EventType "k.o."]
[EventRounds "7"]
[EventCountry "IRI"]
[SourceTitle "CBM 177"]
[Source "ChessBase"]
[SourceDate "2017.03.16"]
[SourceVersion "1"]
[SourceVersionDate "2017.03.16"]
[SourceQuality "1"]

{Nana Dzagnidze was back in her element today and managed to outplay Olga
Zimina in a complicated game.} 1. Nf3 d5 2. g3 Bg4 3. Bg2 c6 4. c4 e6 5. O-O
Nd7 6. d4 Bd6 7. Qb3 Qb6 8. Nc3 Ngf6 9. c5 Qxb3 10. axb3 Bc7 11. b4 Ne4 12. Re1
Bxf3 $6 (12... Nxc3 13. bxc3 O-O 14. Bf4 Bxf4 15. gxf4 Bxf3 16. Bxf3 a6 {
with a bit of advantage for White.}) 13. Bxf3 (13. exf3 $5 Nxc3 (13... Nef6 14.
b5 $16) 14. bxc3 O-O 15. Bf1 a6 16. Bd3 Rfe8 17. f4 g6 18. Bd2 {with some
advantage for White. This one is better and more lasting.}) 13... f5 14. Bxe4
fxe4 15. b5 a6 16. b4 Kf7 17. bxc6 bxc6 18. Ra4 e5 19. Be3 $6 (19. e3 $1 {[#]})
19... Nf8 20. b5 Ne6 21. b6 {this is over-optimistic.} (21. bxc6 exd4 22. Bxd4
{was necessary.}) 21... exd4 22. Bxd4 Nxd4 23. Rxd4 Be5 {From here till the
end of the game, Dzagnidze proved that White's pawn on b6 is not enough
compensation for the exchange.} 24. Red1 a5 25. e3 Bxd4 26. exd4 a4 27. Ra1 a3
28. Ra2 Ke6 29. f3 exf3 30. Kf2 Rhf8 31. Nb1 Kd7 32. Nd2 g5 33. h3 h5 34. g4
hxg4 35. hxg4 Ra4 36. Nxf3 Rxd4 37. Rxa3 Rxg4 38. Ke2 Rg2+ 39. Ke1 Re8+ 40. Kf1
Rg4 41. Ra7+ Ke6 42. Rc7 Kf5 43. b7 Rb8 44. Kf2 Rb4 45. Rf7+ Ke4 46. Re7+ Kd3
47. Ne5+ Kc3 48. Nxc6 Rb2+ 49. Kf3 R8xb7 50. Re3+ Kc4 51. Na5+ Kd4 52. Nc6+
Kxc5 53. Ne5 R2b3 54. Nd7+ Kd6 55. Nf6 Rxe3+ 56. Kxe3 Rb4 0-1

[Event "EU-Cup 17th"]
[Site "Panormo"]
[Date "2001.09.26"]
[Round "4.5"]
[White "Malakhov, Vladimir"]
[Black "Movsesian, Sergei"]
[Result "1/2-1/2"]
[WhiteElo "2637"]
[BlackElo "2627"]
[Annotator "Movsesian,S"]
[PlyCount "69"]
[EventDate "2001.09.22"]
[EventType "team-swiss"]
[EventRounds "7"]
[EventCountry "GRE"]
[SourceTitle "CBM 084 Extra"]
[Source "ChessBase"]
[SourceDate "2001.10.26"]
[SourceVersion "1"]
[SourceVersionDate "2001.10.26"]
[SourceQuality "1"]
[WhiteTeam "Norilsk Nikel"]
[BlackTeam "Sarajevo Bosna"]
[WhiteTeamCountry "RUS"]
[BlackTeamCountry "BIH"]

1. Nf3 d5 2. g3 c6 3. Bg2 Nf6 4. O-O Bf5 5. d3 h6 6. b3 e6 7. Bb2 Nbd7 8. Nbd2
Bh7 9. Re1 {One of many possible plans in this position} ({Other options are} 
9. Qe1 Be7 10. e4 O-O 11. Qe2 a5 12. a4 Qb8 13. Kh1 Bb4 14. Nh4 b5 $13 {
Smejkal-Bohm, Amsterdam 80}) (9. c4 Be7 10. a3 a5 11. Qc2 O-O 12. Bc3 Bd6 13.
b4 (13. Qb2 Re8 14. b4 e5 15. cxd5 Nxd5 16. Nc4 Bc7 17. Bxe5 Nxe5 18. Nfxe5 Qe7
$11 {Lopushnoy-Iljushin, Maikop 98}) 13... axb4 14. axb4 Qe7 15. c5 Bc7 16. Bb2
(16. e4 Rfc8 17. Nd4 Qe8 18. N4b3 Rxa1 19. Rxa1 Ra8 $11 {Balashov-Sveshnikov.
Sochi 80}) (16. Bh3 g5 $5 17. Bg2 e5 18. e4 d4 19. Bb2 Bg6 20. Nc4 $13 {
Rustemov-Bernard, Polanica Zdroj 96}) 16... Rfb8 17. e4 Qd8 18. Nd4 Rxa1 19.
Rxa1 Ra8 $11 {Drasko-Matulovic, Vrnjacka Banja 98}) 9... a5 $5 (9... Be7 10. e4
O-O 11. Qe2 a5 12. a3 (12. a4 Nc5 13. e5 Nfd7 14. Ba3 Re8 15. Nd4 Qc7 16. f4
Rab8 17. Kh1 b5 $15 {Malano-Castaldo, Torino 98}) 12... Qb6 $5 13. Rab1 Qa6 14.
e5 Ne8 15. a4 Nc7 16. h4 b5 17. axb5 cxb5 18. Nd4 a4 $13 {Bogdan-Dumitrache,
Bucharest 93}) 10. a4 (10. a3 $5) 10... Bb4 11. e4 dxe4 12. dxe4 O-O 13. Qe2
Qc7 (13... e5 $5 14. Red1 Qe7 15. Ne1 $14) 14. Red1 e5 15. Ne1 Rfe8 16. Nc4 (
16. Nd3 Bf8 {[%cal Yd7c5]} 17. Nc4 b5 $13) 16... Bf8 17. f3 $1 {[%csl Rh7]} b5
18. axb5 (18. Ne3 bxa4 19. Rxa4 Nb6 20. Ra2 a4 $11) 18... cxb5 19. Na3 Rab8 20.
Kh1 Qc6 21. c4 b4 22. Nac2 (22. Nb5 $6 Nc5 23. Qc2 Nfxe4 $3 24. fxe4 Bxe4 25.
Bxe4 Nxe4 26. Rd5 Nf6 $17) 22... Nc5 $1 (22... Qc7 23. Nd3 Nc5 24. Nxc5 Bxc5
25. Ne3 $14) 23. Rxa5 Qc7 24. Rb5 Nxb3 25. Bf1 $5 (25. Nd3 Qxc4 26. Rxb8 Rxb8
27. Bxe5 Rc8 $11) 25... Rxb5 26. cxb5 Qb7 {[%cal Yb7e4,Yf6e4,Yh7e4]} 27. Nd3
Qxb5 28. Ndxb4 Qa4 29. Qc4 $6 (29. Nd3 Nc5 $1 $11) 29... Na5 30. Qb5 $8 Qxb5 (
30... Qb3 $5 31. Bd3 Qxb2 32. Qxa5 Qc3 33. Qb5 Rd8 34. Nd5 Nxd5 35. exd5 $11)
31. Bxb5 Rb8 32. Bd3 $8 Bxb4 33. Bxe5 Nxe4 (33... Rb7 $2 34. Nxb4 Rxb4 35. Bc3
Nc6 36. Bxb4 Nxb4 37. Rb1 Nc6 38. Rb6 $18) 34. Bxb8 (34. fxe4 Re8 35. Bxg7 Kxg7
36. Nxb4 Bxe4+ 37. Bxe4 Rxe4 $11) 34... Nf2+ 35. Kg2 1/2-1/2

[Event "ARM-ch"]
[Site "Yerevan"]
[Date "1995.??.??"]
[Round "7"]
[White "Minasian, Artashes"]
[Black "Petrosian, Arshak B"]
[Result "1-0"]
[WhiteElo "2565"]
[BlackElo "2435"]
[Annotator "Mowsziszian,K"]
[PlyCount "81"]
[EventDate "1995.08.??"]
[EventType "tourn"]
[EventRounds "11"]
[EventCountry "ARM"]
[EventCategory "10"]
[SourceTitle "CBM 050"]
[Source "ChessBase"]
[SourceDate "1996.02.01"]
[SourceVersion "1"]
[SourceVersionDate "1996.02.01"]
[SourceQuality "1"]

1. Nf3 d5 2. g3 Nf6 3. Bg2 Bf5 4. O-O e6 5. d3 h6 6. Nbd2 Be7 7. b3 O-O 8. Bb2
a5 9. a3 {Weiß will zurecht nicht zulassen, daß Schwarz die a-Linie öffnet.} (
9. a4 $142 c6 10. e3 (10. Qe1 Bb4 $1) 10... Na6 11. Qe2 Nc5 12. Nd4 Bh7 13. e4
(13. f4 $5 {/\Nd2-f3-e5,g3-g4->}) 13... Qc7 14. e5 Nfd7 15. f4 $16 {->}) 9...
Nbd7 (9... a4 $6 10. b4 c5 11. b5 $1 {und Weiß hat Raumvorteil am Damenflügel.}
) 10. Re1 (10. Qe1 $14 {/\e2-e4}) 10... Bh7 11. e4 c6 12. Qe2 Qb6 13. Rab1 Rfd8
14. h4 Qa6 15. e5 Ne8 16. g4 c5 {wäre besser} (16... b5 {/\c5, und dann a4.})
17. a4 Nf8 18. g5 hxg5 (18... h5 $2 19. Nh2 Bg6 20. Bf3 $16) 19. Nxg5 Bxg5 (
19... Bg6 $5 {mit besseren Verteidigungchancen.}) 20. hxg5 b5 21. Ra1 (21. axb5
Qxb5 22. Qh5 a4 23. bxa4 Qxa4 $15 {><c2}) 21... b4 22. Qh5 Rac8 23. Re3 Bf5 (
23... c4 24. bxc4 dxc4 25. Nxc4 b3 (25... Rxc4 $5) 26. Be4 $1 (26. Rh3 $2 bxc2
27. Be4 (27. Ba3 Rxd3 28. Bxf8 Rxh3 $19) 27... g6 28. Qh6 Rxc4 $1 29. dxc4 Rd1+
$19) 26... g6 27. Qh6 bxc2 28. Ba3 $1 Ng7 29. Bxf8 Rxf8 30. Rh3 Nh5 31. Rxh5 $1
$18) 24. Bh3 Bg6 25. Qh4 c4 $6 (25... Nh7 $5 26. Kg2 Kf8 27. Rh1 Ke7 {wäre
verteidigbar.}) 26. bxc4 dxc4 27. Nxc4 Rxc4 28. Qxc4 Qxc4 29. dxc4 Rd2 30. Bf1
$1 $16 Rxc2 31. Bd4 Nd7 32. Rd1 Kf8 33. Ba7 Ke7 34. Bd3 Rc3 (34... Bxd3 35.
Rexd3 Nxe5 36. Bc5+ $18) 35. Bxg6 Rxe3 36. Bxe3 fxg6 37. f4 Nc7 38. Rd6 Kd8 39.
Bb6 b3 40. Rd3 b2 41. Rb3 1-0

[Event "Linares zt"]
[Site "Linares"]
[Date "1995.??.??"]
[Round "10"]
[White "Fernandes, Antonio ETG"]
[Black "Kelly, Brian"]
[Result "0-1"]
[WhiteElo "2380"]
[BlackElo "2300"]
[Annotator "Mowsziszian,K"]
[PlyCount "74"]
[EventDate "1995.11.??"]
[EventType "swiss"]
[EventRounds "11"]
[EventCountry "ESP"]
[SourceTitle "CBM 051"]
[Source "ChessBase"]
[SourceDate "1996.04.01"]
[SourceVersion "1"]
[SourceVersionDate "1996.04.01"]
[SourceQuality "1"]

1. Nf3 Nf6 2. g3 d5 3. Bg2 c6 4. O-O Bg4 5. h3 Bh5 6. d3 Nbd7 7. Nbd2 e5 8. e4
Bd6 9. Qe2 (9. b3 O-O 10. Bb2 Re8 11. Re1 a5 12. a3 b5 (12... Qc7 13. g4 Bg6
14. Nh4 dxe4 15. dxe4 Nc5 16. Nxg6 hxg6 17. Nc4 Bf8 18. Bc3 b6 19. Qf3 Ncd7 20.
g5 $2 Nh5 21. Rad1 b5 22. Rxd7 Qxd7 23. Nb6 Qa7 24. Nxa8 Bxa3 $1 $17 {
Dirr-Dautov, Berlin op 91}) 13. Nf1 $6 (13. g4 Bg6 14. Nh4 d4 (14... dxe4 15.
dxe4 Nc5) 15. Nf5 Bf8 16. f4 c5 17. Nf3 $6 exf4 18. Bc1 Bxf5 19. gxf5 Qc7 $17 {
Nikolac-Hodgson, Almada 1988}) 13... dxe4 14. dxe4 Nc5 15. N1d2 Qc7 16. Qc1
Nfd7 {/\ f6,Bf7} 17. Nh4 Ne6 18. Ndf3 f6 19. Nf5 Bf8 $15 20. Re3 $6 Bf7 21. Qe1
(21. Re1 $5) 21... g6 22. N5h4 c5 $5 23. Bf1 $2 (23. c3) 23... Nd4 $17 {
0-1 Sturua,Z-Kramnik,V/Moscow Alekhine op ;CBM 33 1992 (36)}) (9. c3 O-O 10.
Qc2 Re8 11. Re1 Rc8 12. Nf1 Nc5 13. Nh4 Bc7 14. Bg5 dxe4 15. dxe4 Qd3 $2 16.
Qc1 Qd6 (16... Nfxe4 17. Re3 Qc4 18. b3 Qd5 19. c4 Qd4 20. Nf5) 17. Nf5 Qe6 18.
Bh6 Nfxe4 19. Nxg7 Nd3 20. Nxe6 Nxc1 21. Nxc7 {1-0 Valiente R,C-Donatti,A/
Montevideo (08) ;EXT 94 1994}) 9... O-O 10. c3 (10. b3 $142) 10... Re8 11. Re1
Nc5 12. b3 a5 13. Bb2 (13. a4 Qb6 {><b3,d3}) 13... Qb6 {/\Qa6><d3} (13... a4
14. b4 a3 15. Bc1 Na4 16. Nb1 $13) 14. Qe3 Qc7 15. Nxe5 $6 (15. g4 $142 Bg6 16.
Nh4 {/\Nf5}) 15... Rxe5 16. f4 (16. d4 Rxe4 17. Nxe4 Ncxe4 $19) 16... Ree8 17.
e5 Bg6 18. Ba3 Bxe5 19. Qxc5 (19. fxe5 Nxd3 20. Bd6 Qd7 $17) 19... b6 20. Qf2
Bxc3 21. Rxe8+ Rxe8 22. Rc1 Bxd2 23. Qxd2 h5 24. Bb2 Qd6 25. a3 (25. Be5 $142)
25... c5 26. b4 axb4 27. axb4 d4 28. bxc5 bxc5 29. Qc2 Nd7 30. Ba3 Qa6 31. Qb3
Rb8 32. Qa2 Qxd3 33. Qd5 Qxa3 34. Re1 Qxg3 35. Ra1 Nf6 36. Qxc5 Re8 37. Qd6 Be4
0-1

[Event "Bundesliga 9697"]
[Site "Germany"]
[Date "1996.??.??"]
[Round "?.4"]
[White "Movsziszian, Karen"]
[Black "Unzicker, Wolfgang"]
[Result "1-0"]
[WhiteElo "2470"]
[BlackElo "2460"]
[Annotator "Mowsziszian,K"]
[PlyCount "125"]
[EventDate "1996.10.12"]
[EventType "team-tourn"]
[EventRounds "15"]
[EventCountry "GER"]
[SourceTitle "GER-chT"]
[Source "ChessBase"]
[SourceDate "1999.07.01"]
[SourceVersion "1"]
[SourceVersionDate "1999.07.01"]
[SourceQuality "1"]
[WhiteTeam "Hamburger SK"]
[BlackTeam "Duisburg"]
[WhiteTeamCountry "GER"]
[BlackTeamCountry "GER"]

1. Nf3 Nf6 2. g3 d5 3. Bg2 Bf5 4. d3 c6 5. Nbd2 h6 6. b3 e6 7. Bb2 Be7 8. O-O
O-O 9. Qe1 Nbd7 10. e4 dxe4 11. dxe4 Bh7 12. Qe2 Nc5 13. Ne5 Qc7 14. Ng4 Ncd7
15. f4 Rad8 16. Nf2 a5 17. a3 Nc5 18. Rae1 b5 19. Kh1 Rd7 20. Be5 Qb6 21. g4
Rfd8 22. Nb1 $1 {Hier kann man von einer "leeren Verdopplung" sprechen. Die
Türme kommen auf der d-Linie nicht zur Geltung.} Ne8 23. Bb2 Bh4 24. Bc1 {
/\Le3,b4} e5 25. f5 Bg5 $2 26. Bxg5 hxg5 27. h4 $1 gxh4 28. g5 $18 Rd6 29. Qg4
R8d7 30. Re3 $1 (30. Qxh4 Qd8 31. Re3 $2 (31. Ng4) 31... Rh6 $1 $19) 30... g6
31. f6 (31. Rh3 gxf5 32. Qxh4 f6 33. g6 Bxg6 34. Qh8+ Kf7 35. exf5 Bxf5 36. Ng4
Bxg4 37. Rh7+ Kg6 38. Rh6+ Kg5) 31... Nxf6 32. gxf6 Rxf6 33. Qxh4 Rf4 34. Ng4
Qd8 35. Nf6+ $6 (35. Qxd8+ $142 Rxd8 36. Rxf4 exf4 37. Re1) 35... Kg7 36. Qxh7+
Kxf6 37. Qh4+ (37. Rxf4+ exf4 38. e5+ Kg5 39. Rh3 Rd1+ 40. Kh2 $16) 37... Kg7
38. Qxd8 Rxd8 39. Rxf4 exf4 40. Re1 Ne6 41. e5 Nd4 42. c3 (42. Be4 $142) 42...
f3 43. cxd4 fxg2+ 44. Kxg2 Rxd4 45. Kf3 g5 (45... b4 46. Ke3 Rd5 47. Ke4 f5+
48. exf6+ Kxf6 49. Rc1 Re5+ 50. Kd4 Rd5+ 51. Kc4 bxa3 52. Nxa3 g5 $16) 46. Ke3
Rh4 47. Nd2 a4 48. b4 Rh3+ 49. Kd4 Rxa3 50. Rg1 $1 Kh6 51. Rc1 Ra2 52. Rxc6+
Kh5 53. Kd3 Ra3+ 54. Ke2 Rh3 (54... Ra1 55. Rf6 $1 a3 56. Rxf7 a2 57. Ra7 Kg6
58. e6 Rb1 59. e7 $1 Kf7 60. Ne4 $1 a1=Q 61. Nd6+ Kf6 62. Rxa1 Rb2+ $1 63. Kd3
Kxe7 64. Kc3 $1 $18 {/\Sb5. Eine sehr interessante Variante zum Thema
"Zwischenzug"}) 55. Rf6 Rh2+ 56. Kd3 Rh3+ 57. Kd4 Rh4+ 58. Ne4 Rf4 59. Rb6 Kg4
60. Kd5 Rf5 61. Nd6 Rf2 62. Rxb5 Rb2 63. Nxf7 1-0

[Event "Terrassa op"]
[Site "Terrassa"]
[Date "1996.??.??"]
[Round "5"]
[White "Movsziszian, Karen"]
[Black "Ubilava, Elizbar"]
[Result "1-0"]
[WhiteElo "2470"]
[BlackElo "2540"]
[Annotator "Mowsziszian,K"]
[PlyCount "99"]
[EventDate "1996.07.??"]
[EventType "swiss"]
[EventRounds "9"]
[EventCountry "ESP"]
[SourceTitle "CBM 055"]
[Source "ChessBase"]
[SourceDate "1996.12.01"]
[SourceVersion "1"]
[SourceVersionDate "1996.12.01"]
[SourceQuality "1"]

1. Nf3 Nf6 2. g3 g6 3. Bg2 Bg7 4. d3 d5 5. Nbd2 c5 6. e4 {video} Nc6 7. O-O d4
(7... O-O $142 {und Weiß kann nicht schnell seine Tempi ausnutzen, z.B.} 8.
exd5 Nxd5 9. Nb3 b6 10. c4 Nc7 (10... Nf6)) 8. a4 e5 9. Nc4 Bg4 (9... Qc7 {
/\f4-f5,g3-g4-> >>} 10. Nh4 O-O 11. f4 $16 {video2 verliert einen Bauer.} exf4
12. Bxf4 Qd7 13. Bd6 Re8 14. Bxc5 {Dieser Zug pariert alle schwarzen
Aktivitäten im Zentrum und am Damenflügel.}) 10. Qe1 Bxf3 11. Bxf3 O-O 12. Bg2
Ne8 13. f4 Nd6 14. b3 {Weiß greift am Königsflügel an, aber die Schablone
bringt nichts, z.B.} Qe7 15. Qf2 (15. f5 Nxc4 16. bxc4 Bf6 17. g4 Bg5) 15... b6
16. f5 f6 (16... Nxc4 {ist nicht möglich wegen} 17. bxc4 Bf6 $18 18. Bh6 Rfe8 (
18... Bg7 19. Bxg7 Kxg7 20. f6+ $16) (18... Bg5 19. Bxf8 Qxf8 20. Kh1 $18) 19.
fxg6 hxg6 20. Qxf6) 17. h4 (17. g4 {Die schwarze Festung ist kaum zu knacken.}
g5 18. h4 h6 {Auf keinem Fall darf Weiß die Schließung durch die Bauern g5-g4
zulassen}) 17... Nxc4 18. bxc4 g5 19. hxg5 fxg5 20. Bf3 Bf6 21. Kg2 Rf7 22. Rh1
Rg7 23. Bg4 $1 {Das einzige Gewinnmotiv. Alle vorherigen Züge waren nur die
Vorbereitung zu diesem Schlag.} a5 24. Rh6 Nb8 25. Bd2 Nd7 26. Rah1 Nf8 27. Qe1
Rd8 28. R1h5 Rd6 29. Qc1 Nd7 30. Kh3 Nf8 31. Be2 Nd7 32. g4 Kh8 33. Rxf6 $2 (
33. Rg6 $1 {/\Sg6-f4} Rxg6 34. fxg6 Nf8 {/\Dh4,Lg4,f5-f6,Lf5->}) 33... Nxf6 34.
Bxg5 Qf8 35. Bxf6 Qxf6 36. g5 Qf7 37. Qe1 {Weiß will dem Gegner keine Chance
geben} Qd7 38. Qh4 Kg8 39. Qg3 $13 (39. Bg4 Qxa4 40. f6 Qxc2 $1) 39... h6 40.
Qxe5 Rxg5 41. Rxg5+ hxg5 42. Bh5 $18 Rh6 43. Kg4 Kh7 (43... Rxh5 44. Kxh5 Qh7+
45. Kxg5 $1 $18) (43... Qh7 44. Qe8+ Kg7 45. Kxg5 $1) 44. Qd5 $18 Qxd5 (44...
Qc7 45. e5 {Ende}) 45. cxd5 b5 46. e5 bxa4 47. d6 a3 48. Bf7 Kg7 49. d7 Rh8 50.
Be8 (50. Be8 a2 51. d8=Q Rxe8 (51... a1=Q 52. Qf6+ Kg8 (52... Kh7 53. Qg6#) 53.
Qf7#) 52. Qxe8 a1=Q 53. f6+ Kh7 54. Qf7+ Kh8 55. Qg7#) 1-0

[Event "Moscow-ch"]
[Site "Moscow"]
[Date "1994.??.??"]
[Round "?"]
[White "Krasnov, Sergey"]
[Black "Utemov, Vladimir"]
[Result "0-1"]
[WhiteElo "2325"]
[BlackElo "2405"]
[Annotator "Notkin,M"]
[PlyCount "108"]
[EventDate "1994.??.??"]
[EventType "swiss"]
[EventRounds "9"]
[EventCountry "RUS"]
[SourceTitle "CBM 043"]
[Source "ChessBase"]
[SourceDate "1994.12.01"]
[SourceVersion "1"]
[SourceVersionDate "1994.12.01"]
[SourceQuality "1"]

{EXP 43} 1. Nf3 d5 2. g3 c6 3. Bg2 Bg4 4. O-O Nd7 5. d3 e5 6. e4 dxe4 7. dxe4
Bc5 8. Nbd2 (8. Qe1 a5 9. a4 Ne7 10. Na3 f6 11. Nc4 Be6 12. Qe2 b5 13. Ne3 Qb6
$10 {Vaganian,R-Bareev,E/Moscow/1992/0,5 (56)}) 8... Ne7 (8... Be6 $5) 9. Nc4
Qc7 10. Qe1 Be6 11. Qc3 b5 $1 (11... f6 12. b4 $16) 12. Ne3 (12. Ncxe5 $4 b4
$19) 12... f6 13. a4 b4 14. Qd3 a5 15. b3 Nb6 16. Bb2 Rd8 17. Qe2 O-O 18. Rfd1
Rxd1+ 19. Rxd1 Rd8 20. Bf1 Kf7 $2 (20... Rxd1 21. Nxd1 Nec8 $10) 21. Bxe5 $1
fxe5 22. Ng5+ Kf6 23. Qh5 {/\ Nh7#!} g6 (23... Bg8 24. Ng4#) (23... Ng6 24.
Nxh7+ Kf7 25. Ng5+ Kf6 26. Nxe6 $18) 24. Qxh7 $1 Bxe3 (24... Kxg5 25. Qh4#) (
24... Rc8 25. Nxe6 Kxe6 26. Bh3+ $18) (24... Bc8 25. h4 Rf8 26. Rd3 $18) (24...
Bd4 25. Rxd4 $1 exd4 (25... Rxd4 26. Qh8+ Kxg5 27. Qh4#) 26. f4 $1 Nd7 27. e5+
Nxe5 28. Ne4#) 25. fxe3 $1 Qc8 (25... Rxd1 26. Qh8+ Kxg5 27. Qh4#) (25... Bc8
26. h4 Rf8 27. Be2 $18) 26. Rxd8 (26. Bd3 Rh8 $8 27. Rf1+ Nf5 $1 (27... Kxg5
28. h4+ Kg4 29. Kg2 $1 $18) 28. Qa7 Kxg5 29. exf5 gxf5 30. Qg7+ $18) 26... Qxd8
27. Qg7+ $3 Kxg5 (27... Kxg7 28. Nxe6+ $18) 28. Be2 $4 (28. h4+ Kg4 29. Qxe5
$18) 28... Bh3 $1 $8 29. Qh7 Kf6 30. Qxh3 Kg7 31. Qe6 Qc7 32. g4 Nec8 33. g5
Qe7 34. Qg4 Nd6 $19 35. h4 Nf7 36. Kf2 Qd7 37. Qf3 Qe6 38. Qg3 c5 39. Bg4 Qe7
40. Qf3 c4 41. Qe2 Nd6 42. Bf3 Qf7 43. Kg2 cxb3 44. cxb3 Qxb3 45. Qa6 Qxe3 46.
Qxa5 Qd2+ 47. Kh3 Ndc4 48. Qc5 Qd6 49. Qf2 b3 50. h5 b2 51. h6+ Kh8 52. Qc2 Qd2
53. Qb3 Qe3 54. Qb5 Qxf3+ 0-1

[Event "FIDE-Wch k.o."]
[Site "Las Vegas"]
[Date "1999.07.31"]
[Round "1.1"]
[White "Aronian, Levon"]
[Black "Rozentalis, Eduardas"]
[Result "1-0"]
[WhiteElo "2518"]
[BlackElo "2586"]
[Annotator "Pein,M"]
[PlyCount "77"]
[EventDate "1999.07.31"]
[EventType "k.o."]
[EventRounds "7"]
[EventCountry "USA"]
[SourceTitle "CBM 072"]
[Source "ChessBase"]
[SourceDate "1999.10.01"]
[SourceVersion "1"]
[SourceVersionDate "1999.10.01"]
[SourceQuality "1"]

1. Nf3 {Horn,Pe} d5 2. g3 Bg4 3. Bg2 c6 4. O-O Nd7 5. d3 Ngf6 6. Nbd2 e5 7. e4
dxe4 8. dxe4 Bc5 9. h3 Bxf3 {This seems to give White a fairly free hand.
Black often plays 9...Bh5 when White often feels he has to play 10.Qe1 to
break the pin. So I prefer 9...Bh5} 10. Bxf3 O-O 11. a4 a5 12. Nc4 Qe7 {
Horn,Pe: 'Meistens landet die Q in diesem Stellungstyp auf c7, was mir auch
sinnvoller erscheint: Pe5 ist gedeckt und man kann leichter den Nd7 nach e6
bringen. '} (12... Qc7 {Horn,Pe}) (12... Re8 {Horn,Pe}) 13. Kg2 Rfd8 14. Qe2
Nf8 (14... Nb6 {Horn,Pe} 15. Ne3 $14) 15. c3 h6 $6 {This makes it harder to
play ...g6 later} (15... Ne8 $5) 16. h4 {Although Black looks solid enough its
hard to find a plan and White has Ne3-f5. Perhaps Ne8-d6} Qc7 {Horn,Pe: 'Das
ist ein klares Indiz, daß Rozentalis nicht mehr glücklich mit den
vorangegangenen Zügen war.'} 17. Ne3 Qb6 (17... Ne6 {Horn,Pe} 18. Nf5) 18. Nc4
Qc7 (18... Qb3 {Horn,Pe} 19. Nxe5 $16) 19. Ne3 Qb6 20. Qc4 $1 {Horn,Pe:
'Angesichts der unentschlossenen schwarzen Spielführung ist Aronian nicht mit
einem Remis zufrieden. Weiß übernimmt jetzt die Initiative auf den weißen
Felder; gelegentlich könnte auch der Bf3 auf der Diagonale a2-f7 auftauchen.'}
Ne6 21. Ng4 {Freeing White's play} Nxg4 {Horn,Pe: 'Ein wenig verdächtig, da es
die weißen Figuren entwickelt.'} ({Sonst kam noch} 21... Nd7 {Horn,Pe in
Betracht, vielleicht am besten:} 22. Be2 ({Die Radikallösung scheint nicht zu
klappen:} 22. Bxh6 $2 gxh6 23. Nxh6+ Kg7 24. Nf5+ Kf8 $17)) 22. Bxg4 Rd6 (22...
Re8 {Horn,Pe} 23. b3 {[%cal Yf2f4]}) 23. b3 Rad8 {'?' Horn,Pe. Horn,Pe:
'Schwarz kann es sich bei der angespannten Situation nicht leisten, noch einen
Larifarizug zu machen. Er mußte konkret auf die Drohungen in der f-Linie
reagieren. '} (23... Rf8 {Horn,Pe Deckt f7; jedenfalls reicht danach die
Vorgehensweise aus der Partie nicht zum Gewinn:} 24. f4 exf4 25. Bxf4 Nxf4+ 26.
Rxf4 Rd2+ 27. Kh3 Bd6 28. Rf3 Qd8 $1 29. Raf1 Kh8 30. Rxf7 $140 $4 Rh2+ 31.
Kxh2 Qxh4+ $19) 24. f4 $3 {Apart from Kotsurs shattering Qxe4! against
Dolmatov I rate this the move of the day. White looks passive but he has
spotted a weakness on f7 and he goes for it. Perhaps 23...Re8 was safer but
its easy to say that afterwards, this is a real shocker.} exf4 {'?' Horn,Pe.} (
24... Re8 {Horn,Pe Bauernverlust war nicht mehr zu vermeiden; so sollte
Schwarz wenigstens das Beste draus machen.}) 25. Bxf4 Nxf4+ 26. Rxf4 {Amazing
stuff, Raf1 and Bh5 are coming and f7 is just dropping off but of course there
is still a lot of work to do} Rd2+ (26... Rf8 {Horn,Pe} 27. Raf1 $18) 27. Kh3
Bd6 (27... Rf8 28. Raf1 Rf2 29. Bh5 Rxf1 30. Bxf7+ $1 (30. Bxf7+ {Horn,Pe} Kh8
31. Rxf1 {und Schwarz hat einen Bauern weniger.})) 28. Rxf7 Kh8 29. e5 $1 {
Of course the white square attack is more important than a pawn. This
undermines the defence of f8 and introduces a possible Qe4+ '+-!' Horn,Pe.
Horn,Pe: 'Leitet den Schlußangriff ein: Qe4 wird möglich.'} (29. Raf1 {Horn,Pe}
) 29... Bxe5 {Horn,Pe: 'Alles andere rettet auch nicht.'} 30. Raf1 Bd6 (30...
R2d5 31. Rf8+ Rxf8 32. Rxf8+ Kh7 33. Qe4+ g6 34. Bh5 {and my little German
friend tells me its mate in 5. Which is all very clever but would it give up a
pawn on e5 I wonder ?}) 31. Rxg7 Qe3 (31... Kxg7 32. Rf7+ Kh8 33. Qe4 {Is a
lovely illustration of the merits of 29.e5! '+-' Horn,Pe.}) (31... Rf2 {Horn,Pe
} 32. Rg6 Qe3 33. Be6 Rxf1 34. Qxf1 Rf8 35. Rg8+ Rxg8 36. Qf6+ Rg7 37. Qd8+ Kh7
38. Bf5+ Rg6 39. Qxd6 $18) 32. Bh5 $1 ({Einfacher war} 32. Rh7+ {Horn,Pe} Kxh7
33. Qf7+ Kh8 34. Qf6+ $18) 32... Rf2 (32... Kxg7 33. Qf7+ Kh8 34. Qf6+ Kg8 35.
Qxd8+ {'+-' Horn,Pe.}) (32... Be5 {Horn,Pe wäre nur ein Schreckschuß:} 33. Rg6
$1 $18) 33. Rxf2 Qxf2 34. Rg6 Qf5+ 35. Kg2 $1 Qxh5 36. Qd4+ Qe5 37. Rxd6 $1 (
37. Rxh6+ Kg8 38. Qg4+ Kf8 39. Rh5 Qxc3 40. Qf5+ Ke8 41. Qe6+ Be7 42. Rg5 Rd2+
43. Kh3 Kd8 {and Black does a runner}) 37... Qxd4 38. Rxd4 Re8 39. Rd6 {
It looks like an early resignation but on closer examination its hard to see
how to avoid losing a second pawn} 1-0